| 000 | 00483 a2200145 4500 | ||
|---|---|---|---|
| 001 | 57672 | ||
| 090 |
_c35353 _d35353 |
||
| 100 | _aOAt media interactive learning | ||
| 245 |
_aFlight performance and planning [DVD] _bskills for flight ; JAA/EASA PPL ground examination syllabus |
||
| 260 |
_aUSA _bOAT media Interactive learning/ Oxford aviation training _c2007 |
||
| 300 | _ewith 2 pages manual | ||
| 500 | _aCD/DVD | ||
| 505 | _aaerospace | ||
| 600 | _ainnovative learning solutions | ||
| 942 |
_aNUST-CAE _k80280 |
||
| 999 |
_c292745 _d292745 |
||